| 000 | 00559nam a22001697a 4500 | ||
|---|---|---|---|
| 003 | OSt | ||
| 005 | 20240930160449.0 | ||
| 008 | 240930b |||||||| |||| 00| 0 eng d | ||
| 040 | _c0 | ||
| 082 | _aDPer 050 R22 2000 June -December 2023 v123 no. 7124-728 | ||
| 100 |
_aKochanek, Doris. _eauthor. _961834 |
||
| 245 |
_aPhoto feature : _bpretty colourful. _cDoris Kochanek. |
||
| 260 |
_aTaipei ; _bReader's Digest Asia, _cNovember 2023. |
||
| 300 |
_aVolume 123, pages 54-59 , _billustration. |
||
| 700 |
_a Kochanek, Doris. _eauthor. _961759 |
||
| 942 |
_2ddc _cPER |
||
| 999 |
_c22014 _d22014 |
||